| 000 | 00482nam a22001817a 4500 | ||
|---|---|---|---|
| 003 | CEME | ||
| 005 | 20210628202422.0 | ||
| 008 | 210122b xxu||||| |||| 00| 0 eng d | ||
| 020 | _a81-7888-298-1 | ||
| 040 | _c. | ||
| 082 | _a515 TEX | ||
| 100 |
_aChaubey, G.C Dubey, S.K.D Khan, Mu Pandey, Ds _959826 |
||
| 245 | _aA textbook of advance calculus | ||
| 260 |
_aNEW DELHI _bDOMINANT PUBLISHER _c2005 |
||
| 300 | _a570 P | ||
| 650 |
_aADVANCE CALCULUS _959827 |
||
| 942 |
_cBK _2ddc |
||
| 999 |
_c569714 _d569714 |
||